سلطان عالم واجد على شاه : اىک تارىخى مرقع ;; / Sult̤ān-i ʻĀlam Vājid ʻAlī Shāh : ek tārīk̲h̲ī muraqqaʻ./ (Record no. 81781)
[ view plain ]
| 000 -LEADER | |
|---|---|
| fixed length control field | 01051cam a22002411i 4500 |
| 001 - CONTROL NUMBER | |
| control field | 81781 |
| 003 - CONTROL NUMBER IDENTIFIER | |
| rucl marc code | BD-RjUL |
| 005 - DATE AND TIME OF LATEST TRANSACTION | |
| control field | 20230827121607.0 |
| 008 - FIXED-LENGTH DATA ELEMENTS--GENERAL INFORMATION | |
| fixed length control field | 230827s1977 ii cf b 000 0 urdr |
| 035 ## - SYSTEM CONTROL NUMBER | |
| System control number | (BD-RjUL) |
| 040 ## - CATALOGING SOURCE | |
| Original cataloging agency | DLC |
| Transcribing agency | WaU |
| Modifying agency | DLC |
| Language of cataloging | eng |
| 041 ## - LANGUAGE CODE | |
| Language code of text/sound track or separate title | urd |
| 082 ## - DEWEY DECIMAL CLASSIFICATION NUMBER | |
| Edition number | 23 |
| Classification number | 352.23092 |
| Author mark and year | RIS 1977 |
| 100 1# - MAIN ENTRY--PERSONAL NAME | |
| Personal name | Raz̤vi, Sayyid Masʻūd Ḥasan, |
| Dates associated with a name | 1893-1975. |
| 9 (RLIN) | 8601 |
| 245 10 - TITLE STATEMENT | |
| Title | سلطان عالم واجد على شاه : اىک تارىخى مرقع ;; / Sult̤ān-i ʻĀlam Vājid ʻAlī Shāh : ek tārīk̲h̲ī muraqqaʻ./ |
| Statement of responsibility, etc. | Sayyid Masʻūd Ḥasan Riẓvī Adīb. ;; سىّد مسعود حسن رضوى ادىب |
| 260 ## - PUBLICATION, DISTRIBUTION, ETC. (IMPRINT) | |
| Name of publisher, distributor, etc. | Lakhnaʼū: |
| Place of publication, distribution, etc. | آل انڈىا مىر اکاڈمى , Āl Inḍiyā Mīr Akāḍmī, Lakhnaʼū, |
| Date of publication, distribution, etc. | 1977. |
| 300 ## - PHYSICAL DESCRIPTION | |
| Pagination | 332 p., [1] leaf of plates : |
| Illustrations | port. ; |
| Size | 22 cm. |
| 500 ## - GENERAL NOTE | |
| General note | In Urdu. |
| 504 ## - BIBLIOGRAPHY, ETC. NOTE | |
| Bibliography, etc | Includes bibliographical references. |
| 600 00 - SUBJECT ADDED ENTRY--PERSONAL NAME | |
| Personal name | Wajid ʻAli Shah, |
| Titles and other words associated with a name | King of Oudh, |
| Dates associated with a name | 1822-1887. |
| 651 #0 - SUBJECT ADDED ENTRY--GEOGRAPHIC NAME | |
| Geographic name | Oudh (Princely State) |
| General subdivision | Kings and rulers |
| Form subdivision | Biography. |
| 9 (RLIN) | 8603 |
| 942 ## - ADDED ENTRY ELEMENTS (KOHA) | |
| Source of classification or shelving scheme | Dewey Decimal Classification |
| Koha item type | Books |
| Lost status | Source of classification or shelving scheme | Damaged status | Not for loan | Collection code | Permanent Location | Current Location | Shelving location | Date acquired | Source of acquisition | Cost, normal purchase price | Total Checkouts | Full call number | Date last seen | Copy number | Koha item type |
|---|---|---|---|---|---|---|---|---|---|---|---|---|---|---|---|
| Dewey Decimal Classification | Not For Loan | Non-fiction | Central Library, University of Rajshahi | Central Library, University of Rajshahi | Reading Room | 05/07/1980 | India : International | 30.00 | U 352.23092 RIS 1977 | 27/08/2023 | C-1 | Books |